[Event "69. UEM M2"]
[Site "Schweinfurt / Germany"]
[Date "2018.04.04"]
[Round "5.3"]
[White "Susallek, Markus"]
[Black "Kuhn, Norbert"]
[Result "1/2-1/2"]
[WhiteElo "1875"]
[BlackElo "2084"]
[Annotator "Lukas, Norbert"]
[PlyCount "51"]
[EventDate "2018.04.02"]
[EventType "swiss"]
[EventRounds "9"]
[EventCountry "GER"]
[SourceTitle "69. UEM"]
[Source "SK SW 2000 e.V."]
[SourceDate "2018.04.08"]
[SourceVersion "1"]
[SourceVersionDate "2018.04.08"]
[SourceQuality "1"]
[WhiteTeam "SK 1928 Mömbris"]
[BlackTeam "SV Würzburg von 1865 e.V."]

1. e4 e6 2. d4 d5 3. Nd2 c5 4. Ngf3 Nc6 5. exd5 exd5 6. Bb5 Bd6 7. O-O Nge7 8.
dxc5 Bxc5 9. Nb3 Bb6 10. c3 Bg4 11. Be2 O-O 12. Bf4 Re8 13. Re1 Qd7 14. Qd2
Rad8 15. Nfd4 h6 16. Bd3 Nxd4 17. Nxd4 Bxd4 18. cxd4 Bf5 19. Rac1 Nc6 20. Bb5
Rxe1+ 21. Rxe1 Re8 22. Rc1 Re6 23. Rc3 a6 24. Ba4 Qe7 25. Re3 Rxe3 26. Bxe3
1/2-1/2

[Event "69. UEM M2"]
[Site "Schweinfurt / Germany"]
[Date "2018.04.04"]
[Round "5.10"]
[White "Heller, Thomas"]
[Black "Drewes, Thomas"]
[Result "1-0"]
[WhiteElo "1775"]
[BlackElo "1792"]
[Annotator "Lukas, Norbert"]
[PlyCount "73"]
[EventDate "2018.04.02"]
[EventType "swiss"]
[EventRounds "9"]
[EventCountry "GER"]
[SourceTitle "69. UEM"]
[Source "SK SW 2000 e.V."]
[SourceDate "2018.04.08"]
[SourceVersion "1"]
[SourceVersionDate "2018.04.08"]
[SourceQuality "1"]
[WhiteTeam "SV Bergtheim"]
[BlackTeam "SV Würzburg von 1865 e.V."]

1. d4 d5 2. Nf3 Nf6 3. c3 Bf5 4. Bf4 e6 5. Qb3 Qc8 6. Nbd2 Nbd7 7. h3 h6 8. e3
Be7 9. Be2 O-O 10. g4 Bg6 11. Nh4 Nh7 12. Nxg6 fxg6 13. Bd3 g5 14. Bg3 Nb6 15.
O-O-O Qd7 16. Rhf1 Bd6 17. Qc2 Nf6 18. f4 Qa4 19. Qb1 gxf4 20. Bxf4 Bxf4 21.
Rxf4 Qc6 22. Rdf1 Qd6 23. Bg6 e5 24. dxe5 Qxe5 25. Qd3 c5 26. Nf3 Qe7 27. Re1
Nfd7 28. Rf5 Rxf5 29. Bxf5 Nf6 30. h4 Rd8 31. g5 hxg5 32. Nxg5 Qe5 33. Be6+ Kf8
34. Qg6 Qc7 35. Rf1 Nc8 36. h5 Nd6 37. h6 1-0

[Event "69. UEM M2"]
[Site "Schweinfurt / Germany"]
[Date "2018.04.05"]
[Round "6.2"]
[White "Kuhn, Norbert"]
[Black "Pommeranz, Mika"]
[Result "1-0"]
[WhiteElo "2084"]
[BlackElo "1795"]
[Annotator "Lukas, Norbert"]
[PlyCount "43"]
[EventDate "2018.04.02"]
[EventType "swiss"]
[EventRounds "9"]
[EventCountry "GER"]
[SourceTitle "69. UEM"]
[Source "SK SW 2000 e.V."]
[SourceDate "2018.04.08"]
[SourceVersion "1"]
[SourceVersionDate "2018.04.08"]
[SourceQuality "1"]
[WhiteTeam "SV Würzburg von 1865 e.V."]
[BlackTeam "SC 1930 Großwelzheim"]

1. e4 g6 2. d4 Bg7 3. Nc3 d6 4. f4 Nf6 5. Nf3 O-O 6. Be2 c5 7. d5 a6 8. a4 b6
9. O-O e6 10. dxe6 Bxe6 11. f5 Bc8 12. Bg5 h6 13. Bf4 d5 14. fxg6 dxe4 15.
gxf7+ Kxf7 16. Bc4+ Kg6 17. Ne5+ Kh7 18. Nd5 Bb7 19. Nxf6+ Bxf6 20. Qh5 Bg7 21.
Qg6+ Kh8 22. Bxh6 1-0

[Event "69. UEM M2"]
[Site "Schweinfurt / Germany"]
[Date "2018.04.05"]
[Round "6.10"]
[White "Drewes, Thomas"]
[Black "Ullrich, Daniel"]
[Result "1/2-1/2"]
[WhiteElo "1792"]
[BlackElo "1691"]
[Annotator "Lukas, Norbert"]
[PlyCount "56"]
[EventDate "2018.04.02"]
[EventType "swiss"]
[EventRounds "9"]
[EventCountry "GER"]
[SourceTitle "69. UEM"]
[Source "SK SW 2000 e.V."]
[SourceDate "2018.04.08"]
[SourceVersion "1"]
[SourceVersionDate "2018.04.08"]
[SourceQuality "1"]
[WhiteTeam "SV Würzburg von 1865 e.V."]
[BlackTeam "SC 1947 Bergrheinfeld"]

1. d4 d5 2. Bf4 Bf5 3. e3 Nf6 4. c4 c6 5. Nc3 e6 6. Nf3 Nbd7 7. Qb3 Qb6 8. c5
Qxb3 9. axb3 Be7 10. h3 h6 11. Be2 O-O 12. O-O Ne4 13. Nxe4 Bxe4 14. Nd2 Bg6
15. Nf3 Bf6 16. b4 a6 17. Ra3 Rfe8 18. Ne5 Nxe5 19. Bxe5 Bxe5 20. dxe5 Rad8 21.
Rd1 Re7 22. Bd3 Kh7 23. Bxg6+ Kxg6 24. e4 Red7 25. Rg3+ Kh7 26. Rgd3 g6 27. f4
Kg7 28. g4 Re7 1/2-1/2

[Event "69. UEM M2"]
[Site "Schweinfurt / Germany"]
[Date "2018.04.05"]
[Round "6.6"]
[White "Brückner, Alexander"]
[Black "Drescher, Frank"]
[Result "1-0"]
[WhiteElo "1846"]
[BlackElo "1950"]
[Annotator "Lukas, Norbert"]
[PlyCount "101"]
[EventDate "2018.04.02"]
[EventType "swiss"]
[EventRounds "9"]
[EventCountry "GER"]
[SourceTitle "69. UEM"]
[Source "SK SW 2000 e.V."]
[SourceDate "2018.04.08"]
[SourceVersion "1"]
[SourceVersionDate "2018.04.08"]
[SourceQuality "1"]
[WhiteTeam "Schachklub Schweinfurt 2000 e.V."]
[BlackTeam "SC 1947 Bergrheinfeld"]

1. e4 c5 2. Nc3 Nc6 3. d3 e6 4. g3 d6 5. Bg2 Bd7 6. Be3 g6 7. Qd2 Bg7 8. f4 Qa5
9. Nf3 Nge7 10. O-O Nd4 11. Qf2 Nec6 12. e5 Nxf3+ 13. Bxf3 dxe5 14. Bxc6 Bxc6
15. fxe5 Qc7 16. Bxc5 Bxe5 17. Rae1 Bg7 18. Ne4 Bxe4 19. Rxe4 b6 20. Bd6 Qd7
21. Rc4 f5 22. Qf4 Rd8 23. Be5 O-O 24. Rc7 Bxe5 25. Qxe5 Qd4+ 26. Qxd4 Rxd4 27.
Rxa7 Rf7 28. Ra8+ Kg7 29. Re8 Kf6 30. Re1 Rd6 31. Kf2 Rc7 32. Re2 g5 33. d4
Rxd4 34. R8xe6+ Kf7 35. Rxb6 Rdc4 36. c3 f4 37. Re5 fxg3+ 38. Kxg3 R7c5 39.
Rxc5 Rxc5 40. a4 h5 41. Rb5 Rxb5 42. axb5 Ke6 43. h3 Kd6 44. c4 Kc5 45. b4+ Kb6
46. Kf3 Kb7 47. c5 Kc7 48. b6+ Kc6 49. b5+ Kb7 50. Ke4 Kb8 51. Kf5 1-0

[Event "69. UEM M2"]
[Site "Schweinfurt / Germany"]
[Date "2018.04.05"]
[Round "6.8"]
[White "Mueller, Gerhard"]
[Black "Gehrig, Thomas"]
[Result "0-1"]
[WhiteElo "1799"]
[BlackElo "2066"]
[Annotator "Lukas, Norbert"]
[PlyCount "86"]
[EventDate "2018.04.02"]
[EventType "swiss"]
[EventRounds "9"]
[EventCountry "GER"]
[SourceTitle "69. UEM"]
[Source "SK SW 2000 e.V."]
[SourceDate "2018.04.08"]
[SourceVersion "1"]
[SourceVersionDate "2018.04.08"]
[SourceQuality "1"]
[WhiteTeam "SC Bad Königshofen 1957"]
[BlackTeam "SC Maßbach 1951"]

1. e4 c5 2. Nf3 d6 3. Nc3 a6 4. Ne2 Nf6 5. Ng3 Nbd7 6. b3 e6 7. Bb2 Be7 8. a4
b6 9. Be2 Bb7 10. d3 Qc7 11. Qd2 h6 12. h3 d5 13. exd5 Bxd5 14. Qe3 Bd6 15. c4
Bf4 16. Be5 Bxe5 17. Nxe5 Nxe5 18. cxd5 Nxd5 19. Qe4 O-O 20. O-O Nc3 21. Qe3
Rad8 22. Ne4 Nxe2+ 23. Qxe2 Nxd3 24. Rfd1 Nb4 25. Rxd8 Rxd8 26. Rd1 Rd4 27. Kf1
Qe5 28. Ng3 Qd5 29. Rxd4 cxd4 30. Qc4 Qxc4+ 31. bxc4 Kf8 32. f4 Ke7 33. Ne4 Nd3
34. g3 Nc5 35. Nd2 Kd6 36. Ke2 f6 37. g4 e5 38. Kf3 Nxa4 39. Ne4+ Ke6 40. fxe5
fxe5 41. h4 Nc5 42. Ng3 a5 43. Nf5 Kf6 0-1

[Event "69. UEM M2"]
[Site "Schweinfurt / Germany"]
[Date "2018.04.05"]
[Round "6.1"]
[White "Simon, Jonathan"]
[Black "Basel, Matthias"]
[Result "1/2-1/2"]
[WhiteElo "2019"]
[BlackElo "2071"]
[Annotator "Lukas, Norbert"]
[PlyCount "26"]
[EventDate "2018.04.02"]
[EventType "swiss"]
[EventRounds "9"]
[EventCountry "GER"]
[SourceTitle "69. UEM"]
[Source "SK SW 2000 e.V."]
[SourceDate "2018.04.08"]
[SourceVersion "1"]
[SourceVersionDate "2018.04.08"]
[SourceQuality "1"]
[WhiteTeam "SK 1928 Mömbris"]
[BlackTeam "SC Kitzingen von 1905"]

1. d4 Nf6 2. Nf3 g6 3. c4 Bg7 4. Nc3 O-O 5. Bg5 h6 6. Bh4 c5 7. d5 a6 8. d6 Qa5
9. dxe7 Re8 10. Qd2 g5 11. Bg3 Rxe7 12. e3 Nc6 13. Be2 Ne4 1/2-1/2

[Event "69. UEM M2"]
[Site "Schweinfurt / Germany"]
[Date "2018.04.05"]
[Round "6.5"]
[White "Müller, Kai"]
[Black "Susallek, Markus"]
[Result "0-1"]
[WhiteElo "1787"]
[BlackElo "1875"]
[Annotator "Lukas, Norbert"]
[PlyCount "102"]
[EventDate "2018.04.02"]
[EventType "swiss"]
[EventRounds "9"]
[EventCountry "GER"]
[SourceTitle "69. UEM"]
[Source "SK SW 2000 e.V."]
[SourceDate "2018.04.08"]
[SourceVersion "1"]
[SourceVersionDate "2018.04.08"]
[SourceQuality "1"]
[WhiteTeam "SC Kitzingen von 1905"]
[BlackTeam "SK 1928 Mömbris"]

1. e4 c5 2. c3 d6 3. Nf3 Nf6 4. g3 Nc6 5. Qe2 Bg4 6. Bg2 Ne5 7. d4 cxd4 8. cxd4
Nxf3+ 9. Bxf3 Bxf3 10. Qxf3 Qd7 11. Nc3 g6 12. e5 dxe5 13. dxe5 Ng4 14. O-O
Nxe5 15. Qe4 Bg7 16. Rd1 Qc6 17. Nd5 e6 18. Bh6 exd5 19. Rxd5 O-O 20. Rc1 Qf6
21. Bxg7 Nf3+ 22. Kg2 Kxg7 23. Qxf3 Qxb2 24. Rc7 Rac8 25. Rdd7 Rxc7 26. Rxc7
Qxa2 27. Qc3+ Kg8 28. Rxb7 Qd5+ 29. Qf3 Qxf3+ 30. Kxf3 Ra8 31. Rb4 a5 32. Ra4
Kg7 33. h4 Kf6 34. Ke4 Ke6 35. g4 f6 36. Kd4 Kd6 37. f4 Kc6 38. Rc4+ Kb6 39.
Rc5 a4 40. Kc4 a3 41. Rb5+ Kc6 42. Rc5+ Kd6 43. Rd5+ Ke7 44. Rd1 a2 45. Ra1 Kd6
46. Kb3 Kd5 47. h5 gxh5 48. gxh5 Ke4 49. Rxa2 Rxa2 50. Kxa2 Kxf4 51. Kb2 Ke3
0-1

[Event "69. UEM M2"]
[Site "Schweinfurt / Germany"]
[Date "2018.04.05"]
[Round "6.7"]
[White "Basel, Moritz"]
[Black "Barthel, Fabian"]
[Result "0-1"]
[WhiteElo "1871"]
[BlackElo "1589"]
[Annotator "Lukas, Norbert"]
[PlyCount "98"]
[EventDate "2018.04.02"]
[EventType "swiss"]
[EventRounds "9"]
[EventCountry "GER"]
[SourceTitle "69. UEM"]
[Source "SK SW 2000 e.V."]
[SourceDate "2018.04.08"]
[SourceVersion "1"]
[SourceVersionDate "2018.04.08"]
[SourceQuality "1"]
[WhiteTeam "SC Kitzingen von 1905"]
[BlackTeam "SV Würzburg von 1865 e.V."]

1. d4 Nf6 2. c4 g6 3. Nf3 Bg7 4. Nc3 d6 5. e4 O-O 6. Be2 e5 7. dxe5 dxe5 8.
Qxd8 Rxd8 9. Bg5 c6 10. O-O Re8 11. Nd2 Na6 12. Nb3 Nd7 13. Be3 Bf8 14. Na4 b6
15. Rfd1 Be7 16. a3 Nc7 17. Rd2 h5 18. Rad1 Nf8 19. f3 Nfe6 20. c5 b5 21. Nc3
a5 22. Rd6 a4 23. Na1 Bb7 24. Nc2 Nxc5 25. Bxc5 Na6 26. Bb6 Bxd6 27. Rxd6 Kf8
28. Nxb5 cxb5 29. Bxb5 Rec8 30. Ne3 Nc7 31. Bd7 Ne8 32. Rd1 Rcb8 33. Bc5+ Kg7
34. Nc4 Nf6 35. Nxe5 Rd8 36. Be7 Nxd7 37. Nxd7 Bc6 38. Bf6+ Kh6 39. Bxd8 Rxd8
40. Rd6 Bxd7 41. Kf2 Kg7 42. f4 Kf8 43. f5 Ke7 44. Rd4 Rb8 45. Rb4 Rxb4 46.
axb4 gxf5 47. exf5 Bxf5 48. Ke3 Kd6 49. Kd4 Kc6 0-1

[Event "69. UEM M2"]
[Site "Schweinfurt / Germany"]
[Date "2018.04.05"]
[Round "6.4"]
[White "Boehl, Marius"]
[Black "Krenz, Dieter"]
[Result "0-1"]
[WhiteElo "1821"]
[BlackElo "1893"]
[Annotator "Lukas, Norbert"]
[PlyCount "96"]
[EventDate "2018.04.02"]
[EventType "swiss"]
[EventRounds "9"]
[EventCountry "GER"]
[SourceTitle "69. UEM"]
[Source "SK SW 2000 e.V."]
[SourceDate "2018.04.08"]
[SourceVersion "1"]
[SourceVersionDate "2018.04.08"]
[SourceQuality "1"]
[WhiteTeam "SK 1928 Mömbris"]
[BlackTeam "SC Prichsenstadt"]

1. d4 d5 2. Nf3 Nf6 3. g3 e6 4. Bg2 b6 5. c4 Bb7 6. O-O dxc4 7. Qa4+ Nbd7 8.
Ne5 Bxg2 9. Kxg2 Bd6 10. Nc6 Qc8 11. f3 O-O 12. e4 e5 13. Qxc4 exd4 14. Nxd4
Ne5 15. Qc2 Bc5 16. Nf5 Re8 17. Bg5 Qe6 18. Nc3 c6 19. Rad1 h6 20. Bxf6 Qxf6
21. f4 Ng4 22. h3 Qxf5 23. Rf3 Qe6 24. hxg4 Qxg4 25. Rfd3 Re7 26. Rd8+ Rxd8 27.
Rxd8+ Kh7 28. e5+ g6 29. Qe4 Rd7 30. Rxd7 Qxd7 31. Qc2 Qd4 32. Ne4 Qd5 33. Kf1
Be7 34. Ke2 c5 35. Nf6+ Bxf6 36. exf6 Qe6+ 37. Kf3 Qxf6 38. Qa4 Qe7 39. g4 Qb7+
40. Kg3 b5 41. Qc2 Qc7 42. Qe4 c4 43. Qd5 b4 44. g5 h5 45. Kf3 c3 46. bxc3 bxc3
47. Qd1 c2 48. Qc1 Qc4 0-1

[Event "69. UEM M2"]
[Site "Schweinfurt / Germany"]
[Date "2018.04.05"]
[Round "6.11"]
[White "Heilmann, Karl Ludwig"]
[Black "Linz, Maximilian"]
[Result "1/2-1/2"]
[WhiteElo "1754"]
[BlackElo "1655"]
[Annotator "Lukas, Norbert"]
[PlyCount "81"]
[EventDate "2018.04.02"]
[EventType "swiss"]
[EventRounds "9"]
[EventCountry "GER"]
[SourceTitle "69. UEM"]
[Source "SK SW 2000 e.V."]
[SourceDate "2018.04.08"]
[SourceVersion "1"]
[SourceVersionDate "2018.04.08"]
[SourceQuality "1"]
[WhiteTeam "SK Gerolzhofen"]
[BlackTeam "SF Zeiler Turm"]

1. e4 e5 2. Nf3 Nf6 3. Nc3 Nc6 4. Bb5 Bc5 5. O-O Qe7 6. d3 h6 7. Ne2 a6 8. Ba4
b5 9. Bb3 d6 10. h3 Na5 11. c3 Nxb3 12. axb3 Bb7 13. Be3 Nd7 14. Ng3 O-O 15.
Nh2 Bxe3 16. fxe3 g6 17. Qe2 Nf6 18. Ng4 Nxg4 19. Qxg4 Bc8 20. Nf5 Qg5 21. Qxg5
hxg5 22. Ne7+ Kg7 23. Nxc8 Rfxc8 24. Ra5 Ra7 25. Rfa1 Rca8 26. b4 Kf6 27. b3 c6
28. g4 Ke6 29. c4 Kd7 30. d4 f6 31. Kg2 Kc7 32. R5a2 Kd7 33. Kg3 bxc4 34. bxc4
Rb7 35. Ra4 Rab8 36. Rxa6 Rxb4 37. Ra7+ R8b7 38. Rxb7+ Rxb7 39. Ra3 Rb4 40. Rc3
Rb1 41. Ra3 1/2-1/2

[Event "69. UEM M2"]
[Site "Schweinfurt / Germany"]
[Date "2018.04.05"]
[Round "6.3"]
[White "Ersöz, Can"]
[Black "Scholz, Michael"]
[Result "0-1"]
[WhiteElo "1972"]
[BlackElo "1861"]
[Annotator "Lukas, Norbert"]
[PlyCount "80"]
[EventDate "2018.04.02"]
[EventType "swiss"]
[EventRounds "9"]
[EventCountry "GER"]
[SourceTitle "69. UEM"]
[Source "SK SW 2000 e.V."]
[SourceDate "2018.04.08"]
[SourceVersion "1"]
[SourceVersionDate "2018.04.08"]
[SourceQuality "1"]
[WhiteTeam "SV Würzburg von 1865 e.V."]
[BlackTeam "SK 1928 Mömbris"]

1. e4 d5 2. exd5 Nf6 3. d4 Nxd5 4. Nf3 Bg4 5. Be2 e6 6. O-O Nd7 7. c4 N5f6 8.
Nc3 Bb4 9. Qb3 Bxc3 10. bxc3 Rb8 11. h3 Bh5 12. Bf4 O-O 13. Rad1 Qc8 14. Rfe1
Ra8 15. g4 Bg6 16. Bf1 a5 17. Bg2 a4 18. Qb5 c6 19. Qg5 Ne4 20. Rxe4 Bxe4 21.
Bd6 Re8 22. Qf4 Bxf3 23. Bxf3 Nf8 24. g5 Ng6 25. Qg3 Ra5 26. c5 Qd8 27. h4 Rb5
28. h5 Ne7 29. Be5 Nf5 30. Qg4 Rb2 31. Kg2 h6 32. Bf4 hxg5 33. Bxg5 f6 34. Bc1
Rxa2 35. Be4 Kf8 36. Rh1 Ne7 37. Bg6 Nxg6 38. hxg6 Qd5+ 39. Kg1 Ra1 40. Qf4
Qg5+ 0-1

[Event "69. UEM M2"]
[Site "Schweinfurt / Germany"]
[Date "2018.04.05"]
[Round "6.9"]
[White "Böckler, Michael"]
[Black "Heller, Thomas"]
[Result "1-0"]
[WhiteElo "1730"]
[BlackElo "1775"]
[Annotator "Lukas, Norbert"]
[PlyCount "57"]
[EventDate "2018.04.02"]
[EventType "swiss"]
[EventRounds "9"]
[EventCountry "GER"]
[SourceTitle "69. UEM"]
[Source "SK SW 2000 e.V."]
[SourceDate "2018.04.08"]
[SourceVersion "1"]
[SourceVersionDate "2018.04.08"]
[SourceQuality "1"]
[WhiteTeam "TSV 1928 Trappstadt SAbt."]
[BlackTeam "SV Bergtheim"]

1. d4 d5 2. Bf4 Nf6 3. e3 g6 4. Nf3 Bg7 5. Nbd2 O-O 6. Be2 a6 7. Ne5 Nbd7 8. g4
Nxe5 9. dxe5 Ne8 10. h4 c5 11. h5 Nc7 12. Nf3 Ne6 13. g5 b5 14. Nh4 Bb7 15. Bf3
Ra7 16. Qe2 Qa8 17. O-O-O Nxf4 18. exf4 d4 19. Bxb7 Qxb7 20. e6 Qd5 21. exf7+
Kxf7 22. hxg6+ hxg6 23. Nxg6 Qxa2 24. Qh5 Qa1+ 25. Kd2 Qa5+ 26. Ke2 Ke6 27.
Nxf8+ Bxf8 28. Qg6+ Kd7 29. Qf5+ 1-0

[Event "69. UEM M2"]
[Site "Schweinfurt / Germany"]
[Date "2018.04.06"]
[Round "7.4"]
[White "Pommeranz, Mika"]
[Black "Brückner, Alexander"]
[Result "1-0"]
[WhiteElo "1795"]
[BlackElo "1846"]
[Annotator "Lukas, Norbert"]
[PlyCount "91"]
[EventDate "2018.04.02"]
[EventType "swiss"]
[EventRounds "9"]
[EventCountry "GER"]
[SourceTitle "69. UEM"]
[Source "SK SW 2000 e.V."]
[SourceDate "2018.04.08"]
[SourceVersion "1"]
[SourceVersionDate "2018.04.08"]
[SourceQuality "1"]
[WhiteTeam "SC 1930 Großwelzheim"]
[BlackTeam "Schachklub Schweinfurt 2000 e.V."]

1. d4 d5 2. Bf4 Nf6 3. e3 e6 4. Nf3 Be7 5. Nbd2 O-O 6. Bd3 b6 7. Ne5 Bb7 8. h4
Ne4 9. Qf3 Nxd2 10. Kxd2 Nd7 11. Qg3 c5 12. Bh6 Bf6 13. c3 Rc8 14. Ng4 Be7 15.
Ne5 Bf6 16. Bg5 Rc7 17. Ng4 Kh8 18. Nxf6 Nxf6 19. Bxf6 gxf6 20. Qf4 Rg8 21. g4
Qe7 22. g5 e5 23. Qf5 e4 24. gxf6 Qe6 25. Qf4 Rc6 26. Bb5 Rd6 27. Rag1 Qxf6 28.
Rxg8+ Kxg8 29. Rg1+ Kf8 30. Qg3 Qg6 31. Qh2 Qf6 32. h5 a6 33. Ba4 b5 34. dxc5
Rc6 35. Bd1 Rxc5 36. Qb8+ Bc8 37. Ke1 Qe7 38. Qg3 Qf6 39. Qg8+ Ke7 40. Qxh7 Rc6
41. Rg6 Qf5 42. Bg4 Qxg4 43. Rxg4 Bxg4 44. Qg7 Bd7 45. h6 Rg6 46. Qxg6 1-0

[Event "69. UEM M2"]
[Site "Schweinfurt / Germany"]
[Date "2018.04.06"]
[Round "7.7"]
[White "Drescher, Frank"]
[Black "Müller, Kai"]
[Result "1-0"]
[WhiteElo "1950"]
[BlackElo "1787"]
[Annotator "Lukas, Norbert"]
[PlyCount "47"]
[EventDate "2018.04.02"]
[EventType "swiss"]
[EventRounds "9"]
[EventCountry "GER"]
[SourceTitle "69. UEM"]
[Source "SK SW 2000 e.V."]
[SourceDate "2018.04.08"]
[SourceVersion "1"]
[SourceVersionDate "2018.04.08"]
[SourceQuality "1"]
[WhiteTeam "SC 1947 Bergrheinfeld"]
[BlackTeam "SC Kitzingen von 1905"]

1. d4 d5 2. c4 Nc6 3. Nf3 Bg4 4. cxd5 Bxf3 5. gxf3 Qxd5 6. e3 e5 7. Nc3 Bb4 8.
Bd2 Bxc3 9. bxc3 Qd6 10. f4 exf4 11. e4 Nge7 12. Qf3 Ng6 13. Be2 O-O-O 14. O-O
Qf6 15. Rab1 Rxd4 16. cxd4 Nxd4 17. Qg4+ Kb8 18. Bd1 Ne5 19. Qxf4 Qg6+ 20. Kh1
Qa6 21. Bb3 Ndf3 22. Bc3 g5 23. Qg3 Qe2 24. Bxe5 1-0

[Event "69. UEM M2"]
[Site "Schweinfurt / Germany"]
[Date "2018.04.06"]
[Round "7.10"]
[White "Ullrich, Daniel"]
[Black "Heilmann, Karl Ludwig"]
[Result "1-0"]
[WhiteElo "1691"]
[BlackElo "1754"]
[Annotator "Lukas, Norbert"]
[PlyCount "35"]
[EventDate "2018.04.02"]
[EventType "swiss"]
[EventRounds "9"]
[EventCountry "GER"]
[SourceTitle "69. UEM"]
[Source "SK SW 2000 e.V."]
[SourceDate "2018.04.08"]
[SourceVersion "1"]
[SourceVersionDate "2018.04.08"]
[SourceQuality "1"]
[WhiteTeam "SC 1947 Bergrheinfeld"]
[BlackTeam "SK Gerolzhofen"]

1. d4 d5 2. c4 c6 3. Nc3 Nf6 4. Bf4 dxc4 5. e4 b5 6. a4 Bb7 7. axb5 cxb5 8.
Nxb5 Na6 9. Rxa6 Bxa6 10. Nc7+ Kd7 11. Qa4+ Kc8 12. Qxa6+ Kd7 13. Qb5+ Kc8 14.
Nxa8 Qxd4 15. Qc6+ Kd8 16. Qc7+ Ke8 17. Qc8+ Qd8 18. Nc7# 1-0

[Event "69. UEM M2"]
[Site "Schweinfurt / Germany"]
[Date "2018.04.06"]
[Round "7.9"]
[White "Heller, Thomas"]
[Black "Mueller, Gerhard"]
[Result "0-1"]
[WhiteElo "1775"]
[BlackElo "1799"]
[Annotator "Lukas, Norbert"]
[PlyCount "126"]
[EventDate "2018.04.02"]
[EventType "swiss"]
[EventRounds "9"]
[EventCountry "GER"]
[SourceTitle "69. UEM"]
[Source "SK SW 2000 e.V."]
[SourceDate "2018.04.08"]
[SourceVersion "1"]
[SourceVersionDate "2018.04.08"]
[SourceQuality "1"]
[WhiteTeam "SV Bergtheim"]
[BlackTeam "SC Bad Königshofen 1957"]

1. d4 f5 2. Nf3 Nf6 3. e3 g6 4. b3 Bg7 5. Bb2 O-O 6. c4 d6 7. Qc2 b6 8. Nbd2 e6
9. Be2 Bb7 10. O-O Re8 11. Rac1 Nbd7 12. Rfd1 Bh6 13. Ne1 e5 14. dxe5 dxe5 15.
Bf3 Bxf3 16. Nexf3 Qe7 17. Re1 Rad8 18. Rcd1 Qc5 19. Qc3 a5 20. a3 Qe7 21. b4
axb4 22. axb4 c5 23. bxc5 bxc5 24. e4 f4 25. Nb3 g5 26. h3 g4 27. hxg4 Nxg4 28.
Ba3 Bf8 29. Rd3 Qe6 30. Red1 Ngf6 31. Qc2 Ra8 32. Bb2 Ra2 33. Nbd2 Rea8 34. Qc3
Re8 35. Qb3 Qa6 36. Qc3 Qb7 37. Bc1 Qc6 38. Re1 Qc7 39. Nh2 Rea8 40. g3 Bh6 41.
g4 Qc6 42. Rh3 Bg5 43. Qd3 Qe6 44. Ndf3 h6 45. Nxg5 hxg5 46. Rd1 R8a7 47. Rh6
Kg7 48. Qh3 Qxc4 49. Rh8 Qxe4 50. Qh6+ Kf7 51. Rxd7+ Rxd7 52. Rf8+ Ke6 53.
Qxf6+ Kd5 54. Be3 fxe3 55. Qf3 exf2+ 56. Kg2 Qxf3+ 57. Rxf3 Rg7 58. Nf1 e4 59.
Ne3+ Ke5 60. Rf5+ Kd4 61. Nd1 e3 62. Nxe3 Kxe3 63. Rxc5 Rf7 0-1

[Event "69. UEM M2"]
[Site "Schweinfurt / Germany"]
[Date "2018.04.06"]
[Round "7.2"]
[White "Basel, Matthias"]
[Black "Susallek, Markus"]
[Result "1/2-1/2"]
[WhiteElo "2071"]
[BlackElo "1875"]
[Annotator "Lukas, Norbert"]
[PlyCount "40"]
[EventDate "2018.04.02"]
[EventType "swiss"]
[EventRounds "9"]
[EventCountry "GER"]
[SourceTitle "69. UEM"]
[Source "SK SW 2000 e.V."]
[SourceDate "2018.04.08"]
[SourceVersion "1"]
[SourceVersionDate "2018.04.08"]
[SourceQuality "1"]
[WhiteTeam "SC Kitzingen von 1905"]
[BlackTeam "SK 1928 Mömbris"]

1. Nf3 Nf6 2. c4 g6 3. Nc3 c5 4. d4 cxd4 5. Nxd4 d5 6. Bf4 a6 7. e3 Nc6 8. cxd5
Nxd5 9. Nxc6 bxc6 10. Bc4 Be6 11. Be5 f6 12. Bg3 Qa5 13. Bxd5 cxd5 14. O-O Bg7
15. a3 O-O 16. b4 Qd8 17. Na4 Bf7 18. Rc1 e5 19. Nc5 f5 20. Qe2 Qd6 1/2-1/2

[Event "69. UEM M2"]
[Site "Schweinfurt / Germany"]
[Date "2018.04.06"]
[Round "7.8"]
[White "Böckler, Michael"]
[Black "Basel, Moritz"]
[Result "1-0"]
[WhiteElo "1730"]
[BlackElo "1871"]
[Annotator "Lukas, Norbert"]
[PlyCount "55"]
[EventDate "2018.04.02"]
[EventType "swiss"]
[EventRounds "9"]
[EventCountry "GER"]
[SourceTitle "69. UEM"]
[Source "SK SW 2000 e.V."]
[SourceDate "2018.04.08"]
[SourceVersion "1"]
[SourceVersionDate "2018.04.08"]
[SourceQuality "1"]
[WhiteTeam "TSV 1928 Trappstadt SAbt."]
[BlackTeam "SC Kitzingen von 1905"]

1. d4 Nf6 2. Bf4 d5 3. e3 e6 4. Nf3 c5 5. c3 Nc6 6. Bb5 Bd7 7. Bxc6 Bxc6 8. O-O
Be7 9. Nbd2 Nh5 10. Bg3 Nxg3 11. hxg3 O-O 12. g4 b6 13. Re1 Rc8 14. Ne5 Bb7 15.
g3 f6 16. Nef3 Bd6 17. Kg2 e5 18. Rh1 Qd7 19. Nh4 cxd4 20. exd4 Rce8 21. Nf5 e4
22. Nf1 Ba6 23. N1e3 Bc7 24. Qb3 Rd8 25. Nxd5 Kh8 26. Rxh7+ Kxh7 27. Rh1+ Kg6
28. Nde7+ 1-0

[Event "69. UEM M2"]
[Site "Schweinfurt / Germany"]
[Date "2018.04.06"]
[Round "7.6"]
[White "Gehrig, Thomas"]
[Black "Ersöz, Can"]
[Result "0-1"]
[WhiteElo "2066"]
[BlackElo "1972"]
[Annotator "Lukas, Norbert"]
[PlyCount "56"]
[EventDate "2018.04.02"]
[EventType "swiss"]
[EventRounds "9"]
[EventCountry "GER"]
[SourceTitle "69. UEM"]
[Source "SK SW 2000 e.V."]
[SourceDate "2018.04.08"]
[SourceVersion "1"]
[SourceVersionDate "2018.04.08"]
[SourceQuality "1"]
[WhiteTeam "SC Maßbach 1951"]
[BlackTeam "SV Würzburg von 1865 e.V."]

1. c4 e5 2. Nc3 Nc6 3. g3 f5 4. Bg2 Nf6 5. d3 Bb4 6. Bd2 O-O 7. e3 Bxc3 8. bxc3
d6 9. Rb1 Qe8 10. Ne2 Qh5 11. d4 Kh8 12. Bc1 Ne4 13. f3 Nf6 14. O-O Na5 15. c5
Be6 16. Qa4 b6 17. cxb6 cxb6 18. Qc2 Rac8 19. Ra1 Nc4 20. Qa4 Rc7 21. Qd1 g5
22. h3 Qg6 23. Kh2 Qh6 24. a3 Rg7 25. Kg1 f4 26. g4 Nd5 27. Qd3 Ndxe3 28. Rf2
Qf6 {Zeitüberschreitung} 0-1